Responses for show #8488 - Wednesday, October 13, 2021

Jonathan Fisher game 3.

Contestants

[<< previous game]

Mary Garvey, a pastor from Huntingdon, Pennsylvania

Bilal Ali, a product manager from Seattle, Washington

Jonathan Fisher, an actor originally from Coral Gables, Florida (whose 2-day cash winnings total $51,700)

[next game >>]

Jeopardy! Round responses

THE SABBATH
NAMES IN FASHION
HODGEPODGE
PRO WRESTLING TERMINOLOGY
LINCOLN, BLINKEN
"NOD"
    $200 16
blue laws

Mary
    $200 20
Ralph Lauren

Jonathan
    $200 11
(Jonathan: Who is Marconi?)

Morse

JonathanBilal
    $200 1
tag team

Bilal
    $200 10
the Land of Nod

Jonathan
    $400 17
(Jonathan: What is cooking?)
(Mary: What is work?)
...
(Mayim: The word "cholent" is from the French, "chaud lent", it cooks a long time.)

lighting a fire

JonathanMary
Triple Stumper
    $400 21
(Bilal: What is the bank?)
(Mayim: More specific?)

the Left Bank

Bilal
    $400 13
(Mayim: Yes, I am one of them.)
[Laughter]

Hungarians

Mary
    $400 3
fake

Bilal
    $400 25
(Jonathan: What is North Korea?)

China

Jonathan
Triple Stumper
    $400 6
(Mary: Oh... sorry.)

a nodule

JonathanMary
    $2,000 18
(Mary: What is a sabbatical?)

a missionary

Mary
    $600 12
ragweed

Mary
    $600 2
a bear hug

Jonathan
    $600 22
charity

Triple Stumper
    $600 5
a nodding acquaintance

Mary
    $800 19
(Jonathan: What is Jehovah's Witness?)
...
(Mayim: No Friday night games allowed; in college, he made his own choice.)

Seventh-day Adventist

Jonathan
Triple Stumper
    $800 27
Pulitzer

Jonathan
    $800 14
a tam (tam o'shanter)

Mary
    $800 4
jabroni

Bilal
    $800 23
Foreign Relations

Triple Stumper
    $800 8
(Bilal: What are pterodactyls?)

a pteranodon

JonathanBilal
    $1000 28
[The end-of-round signal sounds.]

the Lord's Supper (Eucharist or Communion)

Mary
    $1000 26
the Olsens

Mary
    $1000 15
(Bilal: What is Tulsa?)

Norman

Bilal
Triple Stumper
    $1000 7
lucha libre

Bilal
    $1000 24
(Mayim: Less than a minute.)

Savannah

Bilal
    $1000 9
(Mayim: Glad you got that one, yes.)

a synod

Mary

Scores at the first commercial break (after clue 15):

Jonathan Bilal Mary
$1,800 $800 $3,000

Scores at the end of the Jeopardy! Round:

Jonathan Bilal Mary
$1,200 $2,200 $2,800

Double Jeopardy! Round responses

SHAKESPEARE'S INSULTS
FOOD FORWARD
'80s TV
DOUBLE-LETTER GEOGRAPHY
STARS & STONES
TRIPLE RHYME TIME
    $400 5
Richard III

Mary
    $400 9
(Jonathan: What is bread?)
(Bilal: What is rice?)
(Mary: What is flour?)
(Mayim: [Chuckling] What is [*], people?)
[Laughter]

pizza crust

JonathanBilalMary
Triple Stumper
    $400 6
(Mayim: Unforgettable, yes.)

Dallas

Mary
    $400 18
Hokkaido

Jonathan
    $400 22
(Bilal: What is a red giant?)

a red dwarf

BilalMary
    $400 21
a spare hare snare

Jonathan
    $3,000 4
(Mayim: [Prior to the wager] As an actor, this really is your category.)

globe

Jonathan
    $800 10
Kellogg

Jonathan
    $800 7
(Bilal: What is Days of Our Lives?)
...
(Mayim: Yes, be still my heart, I was a fan.)
(Mary: [Chuckles] As was I.)

General Hospital

BilalMary
    $3,000 17
Banff

Mary
    $800 24
granite

Bilal
    $800 23
the max slacks tax

Jonathan
    $1200 3
a prune

Jonathan
    $1200 11
Impossible

Jonathan
    $1200 8
The Facts of Life

Jonathan
    $1200 15
Andorra

Bilal
    $1200 30
(Jonathan: What is Io?)

Taurus

Jonathan
Triple Stumper
    $1200 25
(Mayim: I love watching you guys do these.)
[Laughter]

a scary prairie fairy

Bilal
    $1600 2
Goneril

Jonathan
    $1600 12
Vichy

Bilal
    $1600 20
Cagney & Lacey

Mary
    $1600 14
(Bilal: What is Cape Town?)

Johannesburg

BilalMary
    $1600 28
sedimentary

Bilal
    $1600 26
(Mayim: Less than a minute.)

the crate freight rate

Jonathan
    $2000 1
Troilus and Cressida

Jonathan
    $2000 13
Triscuit

Bilal
    $2000 19
3-2-1 Contact

Triple Stumper
    $2000 16
(Mayim: Yes, the capital of Malta.)

Valletta

Mary
    $2000 29
Cygnus

Jonathan
    $2000 27
(Bilal: Uh, I don't have it.)

the sheared beard revered

Bilal
Triple Stumper

Scores at the end of the Double Jeopardy! Round:

Jonathan Bilal Mary
$15,800 $5,400 $12,600

[wagering suggestions for these scores]

Final Jeopardy! Round responses

SPORTS LEGENDS
(Mayim: [To Bilal] He was congratulating Bench for breaking the record for homers by a catcher.)
BilalWho is Berra?
$5,395
MaryWho is Yogi Berra?
$3,300
JonathanWho is Yogi Berra?
$2,500
Yogi Berra

Final scores:

Jonathan Bilal Mary
$18,300 $10,795 $15,900
3-day champion: $70,000 3rd place: $1,000 2nd place: $2,000

Game dynamics:

Coryat scores:

Jonathan Bilal Mary
$13,600 $5,400 $12,400
18 R
(including 1 DD),
6 W
13 R,
7 W
16 R
(including 1 DD),
4 W
(including 1 DD)

Combined Coryat: $31,400

The J! Archive is created by fans, for fans. The Jeopardy! game show and all elements thereof, including but not limited to copyright and trademark thereto, are the property of Jeopardy Productions, Inc. and are protected under law. This website is not affiliated with, sponsored by, or operated by Jeopardy Productions, Inc. Join the discussion at JBoard.tv.